| 000 | nam a22 7a 4500 | ||
|---|---|---|---|
| 999 |
_c4866 _d4866 |
||
| 005 | 20200923104336.0 | ||
| 008 | 200923b2016 uc ||||| |||| 00| 0 eng d | ||
| 020 |
_a9781539642176 _cRM 70.00 |
||
| 040 | _aAKMAL | ||
| 082 | _a153.42 GAU | ||
| 090 |
_a153.42 _bGAU |
||
| 100 |
_aGautam Sharma _99265 |
||
| 245 |
_aMalay Edition Positive Thinking Power of Optimism : _bPemikiran positif, kuasa keyakinan. Percaya pada diri sendiri untuk hidup yang lebih baik. |
||
| 260 |
_aUnited States _bCreatespace Independent Publishing Platform _c2016 |
||
| 300 |
_a159pg _c20cm |
||
| 650 | 0 | 0 |
_aThought and thinking - optimism _99266 |
| 942 |
_2ddc _cBOOK |
||